000 007000000a22002050004500
003 LK-CoMWRAF
005 20231113142809.0
008 230817t2005 ||||| |||| 00| 0 eng d
020 _a9556040323
040 _aLK-CoMWRAF
_dLK-CoMWRAF
_eLK-CoMWRAF
041 _aeng
082 _a330.954
_bJAY
100 _aJayawickrama, S. S.
245 _aThe Ceylon Chamber of Commerce 1839-2004:
_ba historical review
260 _aColombo:
_bCeylon Chamber of Commerce (CCC),
_c[2005]
300 _aix. 199 p. : ill. (some col.) ; 28 cm.
_bBibliography and index included
650 _aCEYLON CHAMBER OF COMMERCE-History
650 _aSri Lanka -Commerce -- History -- 19th and 20th centuries
942 _cBK
999 _c1416
_d1416